Monedas usadas por los indios de América al tiempo del Descubrimiento. Según los antiguos documentos y cronistas españoles. Extracto de las actas del XVII congreso internacional de americanistas, pág. 556 y siguientes.
Tallennettuna:
| Aineistotyyppi: | Kirja |
|---|---|
| Kieli: | espanja |
| Julkaistu: |
Buenos Aires, Argentina
Imprenta de Coni Hermanos.
1912
|
| Aiheet: | |
| Tagit: |
Lisää tagi
Ei tageja, Lisää ensimmäinen tagi!
|
MARC
| LEADER | 00000nam a2200000 a 4500 | ||
|---|---|---|---|
| 001 | UCJ3805 | ||
| 003 | CL-VaPUC | ||
| 005 | 20240611105634.0 | ||
| 008 | 070124e19120000AG |||||||||||||||||spa|d | ||
| 999 | |c 319927 |d 319925 | ||
| 040 | |c Pontificia Universidad Católica de Valparaíso | ||
| 082 | 0 | 4 | |a 983 MED 1912 |2 21 |
| 245 | 1 | 0 | |a Monedas usadas por los indios de América al tiempo del Descubrimiento. Según los antiguos documentos y cronistas españoles. Extracto de las actas del XVII congreso internacional de americanistas, pág. 556 y siguientes. |
| 260 | 0 | 3 | |a Buenos Aires, Argentina |b Imprenta de Coni Hermanos. |c 1912 |
| 300 | |a 14 páginas. | ||
| 500 | |a Anteport.- v. en b.- Port.- v. en b. p. 9, diagrama de una moneda de México precolombino | ||
| 583 | |a last modification |c 20121001 12:30:31 |k Rodrigo Vera | ||
| 650 | 0 | |a Numismática |9 318332 | |
| 650 | 0 | |a Arqueología |9 265619 | |
| 650 | 0 | |a Antropología cultural |9 269905 | |
| 650 | 0 | |a Moneda |9 342365 | |
| 650 | 0 | |a Aborígenes |9 329972 | |
| 942 | |c BK |2 ddc | ||
| 945 | |d 20070124 00:00:00 |a rinostro | ||
| 952 | |0 0 |1 0 |2 ddc |4 0 |6 983_000000000000000_MED_1912 |7 0 |8 X |9 398332 |a FDOBUD |b FDOBUD |d 2019-11-22 |i 1008463 |o 983 MED 1912 |p 1008463 |r 2019-11-22 |t 1 |w 2019-11-22 |y BK_X |k BUD | ||